Harry potter à l'école des sorciers - 50 mots extrait aléatoire - Statistiques

Statistiques générales
  • Ce quiz a été pris 20 fois
  • Le résultat moyen est 20 sur 50
Statistiques - réponses
Réponse % Correct
a
87%
Harry,
87%
-Il
87%
il
87%
l'a
87%
le
87%
le
87%
de
73%
de
73%
du
67%
et
60%
ne
60%
ne
60%
pas
60%
se
60%
ce
53%
Mais
53%
sur
53%
bel
47%
bien
47%
par
47%
qui
47%
avait
40%
attrapé,
27%
comme
27%
Gryffondor
27%
match
27%
points
27%
remporté
27%
aucune
20%
cent
20%
contre
20%
disait
20%
failli
20%
Flint
20%
jeu
20%
l'avaler!
20%
Marcus
20%
plus
20%
règle
20%
soixante.
20%
soixante-dix
20%
continuait
13%
l'interdisait,
13%
rien
13%
tard,
13%
hurler:
7%
minutes
7%
cependant,
0%
n'entendit
0%
Aucun quiz correspondant
Distribution des résultats
% des personnes avec chaque résultat
Percentile par nombre de réponses
Votre historique - résultats
Vous n’avez pas pris ce quiz